Titre de chanson par définition. - Statistiques

Statistiques générales
  • Ce quiz a été pris 2 913 fois
  • Le résultat moyen est 13 sur 20
Statistiques - réponses
Interprète Définition Chanson % Correct
Adèle "Bonjour" en anglais. Hello
100%
Lady Gaga Les personnes qui photographient des célébrités Paparazzi
92%
M.Pokora Chuté Tombé
92%
Téléphone Personnage de conte de fée, qui perd son soulier à minuit. Cendrillon
89%
Angèle N'est pas emprisonné. Libre
87%
Sia Objet qui sert de support à des chandelles, des cierges ou des bougies. Chandelier
83%
Michael Jackson Un film à suspense Thriller
83%
Francis Cabrel 1er mois du 4ème trimestre de l'année Octobre
81%
Renaud Polygone à six côtés. Hexagone
78%
Louane Ce n'en n'est plus un si on le dit. Secret
76%
BTS Explosif fabriqué avec de la nitroglycérine Dynamite
65%
Bruno Mars Petit engin explosif conçu pour être lancé Grenade
64%
Superbus Quand on ne peut pas se passer de quelque chose, souvent utilisé pour la drogue ou l'alcool. Addictions
53%
Mylène Farmer Être désillusionné, déçu par la réalité Désenchantée
43%
Jeff Buckley Acclamation de louange envers Dieu qui se trouve dans la Bible hébraïque Hallelujah
42%
France Gall S'oppose à quelqu'un, à sa volonté. Résiste
41%
Amir Membrane couvrant environ 75 % de la face interne du globe oculaire. Rétine
37%
Pascal Obispo Pour un vin, on l'utilise pour qualifier sa date de fabrication. Millésime
35%
Kyo Qui se touche ou nom dans son répertoire téléphonique. Contact
30%
Matmatah Habitant d'une caverne, d'une grotte, ou d'une demeure aménagée dans le roc. Troglodyte
15%
Aucun quiz correspondant
Distribution des résultats
% des personnes avec chaque résultat
Percentile par nombre de réponses
Votre historique - résultats
Vous n’avez pas pris ce quiz